000 01600cam a2200373 i 4500
001 768714001
003 CO-MdFUSB
005 20230310163611.0
007 ta
008 t1991 -usabcd eng
020 _a0023619198
040 _aDLC
_cCO-MdFUSB
_dCMM
_bspa
_erda
041 _aeng
082 _223
_a909.09821
_bK11
100 1 _aKagan, Donald.
_eautor
245 1 4 _aThe Western heritage
_c/ Donald Kagan , Steven Ozment , Frank M. Turner.
250 _acuarta edición
264 1 _aNew York :
_bMacmillan Publishing,
_c[1991]
264 4 _c© 1991
300 _a1157 páginas
_bilustraciones, mapas a color
_c27 cm.
336 _2rdacontent
_atexto
_btdi
337 _2rdamedia
_asin mediación
_bn
338 _2rdacarrier
_avolumen
_bnc
505 _aEl mundo antes del oeste. -- El auge de la civilización griega. -- Clásica y griego helenística. -- Roma: de República a Imperio. -- El imperio romano. -- La primera edad media (476-1000). El nacimiento de Europa. -- La alta edad media (1000-1300): El ascenso de la iglesia y el surgimiento de Estados. -- La alta edad media (1000-1300): gente, pueblos y universidades. -- Renacimiento y descubrimiento. -- La era de la reforma. -- La era de las guerras religiosas. -- Inglaterra y Francia en el Siglo VII.
563 _aPasta dura
650 7 _aCultura
_2sears
_93
653 _aCivilización Occidental
700 1 _aOzment, Steven E.
_eautor
700 1 _aTurner, Frank M.
_q(Frank Miller),
_d1944-
_eautor
942 _cBK
945 _aJTF-925
999 _c68571
_d68571